000
00206 a2200097 4500
001
35128
100
_a
H A M
245
_a
Sayberia say Afghanistan
260
_a
Lahore
_b
Jang Pub
_c
090
_c
23272
_d
23272
942
_a
NUST-CAE
_c
M
_c
14750
999
_c
270201
_d
270201